Missing Word: Helena Bonham Carter Quiz Stats

 Plays Quiz Updated May 9, 2018

Challenge
Share
Tweet
Embed
Score 0/20 Timer 02:00
0 Plays Today
Title Missing Word % Correct
Alice in _____Wonderland
99.5%
Charlie and the _____ FactoryChocolate
98%
Planet of the _____Apes
97.9%
Harry Potter and the Order of the _____Phoenix
86.3%
The _____ SpeechKing's
85.1%
Sweeney Todd: The Demon Barber of Fleet _____Street
74.5%
A Room With a _____View
74.1%
_____ ClubFight
68.5%
The Early Life of Beatrix _____Potter
61.3%
Mary Shelley's _____Frankenstein
59.3%
Title Missing Word % Correct
_____ BrideCorpse
50.4%
Wallace and Gromit: The _____ of the Were-RabbitCurse
48.2%
Terminator: _____Salvation
37.1%
Where _____ Fear to TreadAngels
30.9%
The Wings of the _____Dove
26.2%
Big _____Fish
22.9%
_____ EndHoward's
17.7%
Mighty _____ Aphrodite
8.3%
_____ Shadows Dark
3.3%
The Theory of _____Flight
2.3%

Today's Daily Dose

Missing Word
Entertainment 'L'

Word Ladder
Fingers

Quick Pick
When in Rome

On This Day
December 15th II

You're not logged in!

Compare scores with friends on all Sporcle quizzes.
OR
Log In

You Might Also Like...

Show Comments

Extras

Top Quizzes Today


Score Distribution

Your Account Isn't Verified!

In order to create a playlist on Sporcle, you need to verify the email address you used during registration. Go to your Sporcle Settings to finish the process.

Report this User

Report this user for behavior that violates our Community Guidelines.

Details: